000 01329nam a22003977a 4500
001 BR7909254
003 BR-BrBNA
005 20230928090448.0
007 ta
008 230509b bl.||||| |||| 00| 0 por d
040 _aBR-BrBNA
_bpor
_cBiblioteca Nacional de Agricultura
041 _a(Por)
072 _aF00; P05
_b0230
_b1540
_b8961
_b/G514
090 _ 0230 BR7909254
100 1 _aIde, B.Y.
100 1 _aNadal, R. de
100 1 _aAlthoff, D.A.
100 1 _aVizzotto, V.J.
100 1 _aGondin, P.
100 1 _aMoraes, O. de
100 1 _aMartins, L.B.
100 1 _aSegalin, D.L.
100 1 _aPaim, H.L.
110 1 _aEmpresa Catarinense de Pesquisa Agropecuaria S.A., Florianopolis, SC (Brasil)
245 1 _aPotencial agricola e regionalizacao do Estado de Santa Catarina para producao de cana-de-acucar e mandioca como fontes de materias primas para obtencao de alcool [Brasil]
260 3 _aFlorianopolis, SC (Brasil):
_c1979.
300 _a37 p.
500 _a12 tables; 6 illus. (*) Documento disponível na(o) Empresa Catarinense de Pesquisa Agropecuaria, Florianopolis, SC (Brazil)
650 _aMATERIA PRIMA VEGETAL
650 _aCANA DE ACUCAR
650 _aMANDIOCA
650 _aALCOOL
650 _aSANTA CATARINA
909 _a202309
_bLucia
_c55
_dLucia Elande
942 _cBK
999 _c28939
_d28939